000
00250nam a2200097Ia 4500
001
1180707
005
20250827020801.0
008
250824s9999 xx 000 0 und d
245
0
_a
BİR DİLEK TUT (B5)
_c
YILMAZ ERDOĞAN
260
_b
GENÇ TİMAŞ YAY.
999
_c
1180707
_d
1180707